Sociology : (Record no. 135864)
[ view plain ]
| 000 -LEADER | |
|---|---|
| fixed length control field | 00823nam a22002297a 4500 |
| 005 - DATE AND TIME OF LATEST TRANSACTION | |
| control field | 20170124110251.0 |
| 010 ## - LIBRARY OF CONGRESS CONTROL NUMBER | |
| LC control number | B-227599 |
| 020 ## - INTERNATIONAL STANDARD BOOK NUMBER | |
| Terms of availability | 275.00 |
| International Standard Book Number | 8179302822 |
| 035 ## - SYSTEM CONTROL NUMBER | |
| System control number | B-227599 |
| 037 ## - SOURCE OF ACQUISITION | |
| Source of stock number/acquisition | Cen Lib/Ret |
| 040 ## - CATALOGING SOURCE | |
| Original cataloging agency | DPL |
| Language of cataloging | EN |
| 082 ## - DEWEY DECIMAL CLASSIFICATION NUMBER | |
| Classification number | 301 |
| Item number | ANA |
| 100 ## - MAIN ENTRY--PERSONAL NAME | |
| Personal name | Anand, Navneet |
| 9 (RLIN) | 8609 |
| 245 ## - TITLE STATEMENT | |
| Title | Sociology : |
| Remainder of title | a concise overview of the subject for the UPSC civil services preliminary examination optional paper / |
| Statement of responsibility, etc | by Navneet Anand [and] Shamim Akhtar |
| 260 ## - PUBLICATION, DISTRIBUTION, ETC. (IMPRINT) | |
| Place of publication, distribution, etc | New Delhi |
| Name of publisher, distributor, etc | Spectrum Books |
| Date of publication, distribution, etc | 2008 |
| 270 ## - ADDRESS | |
| City | New Delhi |
| Address | 116 First Floor, TC Jaina Tower III B4-LSC, A1, Janakpuri |
| Postal code | 110058 |
| 300 ## - PHYSICAL DESCRIPTION | |
| Extent | viii,469p. |
| Dimensions | 23cm(pbk) |
| 650 ## - SUBJECT ADDED ENTRY--TOPICAL TERM | |
| Topical term or geographic name as entry element | Sociology |
| 9 (RLIN) | 98912 |
| 650 ## - SUBJECT ADDED ENTRY--TOPICAL TERM | |
| Topical term or geographic name as entry element | UPSC examination book -- sociology |
| 9 (RLIN) | 98913 |
| 700 ## - ADDED ENTRY--PERSONAL NAME | |
| Personal name | Shamim Akhtar |
| 9 (RLIN) | 22619 |
| 942 ## - ADDED ENTRY ELEMENTS (KOHA) | |
| Source of classification or shelving scheme | Dewey Decimal Classification |
| Koha item type | English Books |
| Classification part | 301 |
| Call number suffix | ANA |
| Withdrawn status | Lost status | Damaged status | Not for loan | Collection code | Home library | Current library | Date acquired | Source of acquisition | Cost, normal purchase price | Total Checkouts | Full call number | Barcode | Date last seen | Copy number | Cost, replacement price | Price effective from | Koha item type |
|---|---|---|---|---|---|---|---|---|---|---|---|---|---|---|---|---|---|
| Not For Loan | Reference | Central Library | Central Library | 08/10/2015 | Cen Lib/Ret | 275.00 | 301 ANA | B-227599 | 08/10/2015 | 1 | 275.00 | 08/10/2015 | English Books |
